LEADER 02166nam2 22004813i 450 001 RAV0123687 005 20231121125633.0 020 $aIT$b6614271 020 $aIT$bS124 100 $a20030331d1966 ||||0itac50 ba 101 | $aita 102 $ait 105 $a|||| |||c| 181 1$6z01$ai $bxxxe 182 1$6z01$an 200 1 $a˜11: œAntropologia$fa cura di Gerhard Heberer, Gottfried Kurth e Ilse Schwidetzky$gedizione italiana a cura di Giancarlo Alciati e Pietro Passarello$g[traduzione di Libero Sosio] 210 $aMilano$cFeltrinelli$d1966 215 $a415 p.$cill.$d18 cm. 461 1$1001SBL0580996$12001 $aEnciclopedia Feltrinelli Fischer$v11 500 11$aAnthropologie.$3MIL0334572$959811 606 $aAntropologia$2FIR$3RMLC001428$9I 606 $aAntropologia$xEnciclopedie e dizionari$2FIR$3RMLC416708$9I 676 $a030$9Enciclopedie generali$v21 676 $a572$9$v21 702 1$aSosio$b, Libero$3CFIV033229$4730 702 1$aAlciati$b, Giancarlo$3CFIV061074$4340 702 1$aHeberer$b, Gerhard$3RAVV050960$4340 702 1$aKurth$b, Gottfried$3RAVV050961$4340 702 1$aSchwidetzky$b, Ilse$3RAVV050962$4340 702 1$aPassarello$b, Pietro$3RAVV050963$4340 790 1$aSchwidetzky Roesing$b, Ilse$3RAVV099766$zSchwidetzky, Ilse 801 3$aIT$bIT-01$c20030331 850 $aIT-RM0289 $aIT-RM0418 $aIT-RM0460 $aIT-FR0017 $aIT-RM0526 899 $aBiblioteca Statale A. Baldini$bRM0289 899 $aBIBLIOTECA ACCADEMIA NAZ. DEI LINCEI E CORSINIANA$bRM0418 899 $aBiblioteca Dell' Archivio Centrale Dello Stato$bRM0460 899 $aBiblioteca umanistica Giorgio Aprea$bFR0017 899 $aBiblioteca dell?Istituto Centrale per il Patrimonio Immateriale$bRM0526 $eN 912 $aRAV0123687 950 2$aBiblioteca umanistica Giorgio Aprea$d 52S.L. 030 FEL 11$e 52MAG0000061855 VMN RS $fC $h20130531$i20130531 977 $a 04$a 10$a 27$a 52$a 58 996 $aAnthropologie$959811 997 $aUNICAS LEADER 01094nam 2200301z- 450 001 9910694074503321 005 20161209105414.0 035 $a(CKB)5860000000019322 035 $a(BIP)013636561 035 $a(EXLCZ)995860000000019322 100 $a20220406c2005uuuu -u- - 101 0 $aeng 200 10$aCollege credit mobility $ecan transfer of credit policies be improved? : hearing before the Subcommittee on 21st Century Competitiveness of the Committee on Education and the Workforce, U.S. House of Representatives, One Hundred Ninth Congress, first session, May 5, 2005 215 $a1 online resource (iii, 46 p.) $cill 311 $a0-16-075401-1 517 $aCollege credit mobility 606 $aCollege credits$zUnited States 606 $aCollege student mobility$zUnited States 610 $aCollege credits 610 $aCollege students 610 $aStudents 610 $aEducation 615 0$aCollege credits 615 0$aCollege student mobility 906 $aBOOK 912 $a9910694074503321 996 $aCollege credit mobility$93113289 997 $aUNINA